000 01341nam a22002177a 4500
005 20220315113751.0
008 220315b ||||| |||| 00| 0 eng d
020 _a9781292079202
040 _cAL
041 _aeng
082 _223
_a330
_bACEE
100 _aDaron Acemoglu
_923711
245 _aEconomics
260 _aNew York
_bPearson
_c2016
300 _a788p.
_bPB
_c27x21cm.
365 _2General
_aABDI/0566/22
_b₹14685.28
_c
_d₹6247.04
_e25%
_f7-03-2022
520 _aTaking a fresh approach, the authors use the themes of optimization, equilibrium and empiricism to illustrate the power of simple economic ideas, and their ability to explain, predict, and improve what happens in the world. Each chapter begins with an empirical question that is later answered using data in the Evidence-Based Economics feature. As a result of the text's practical emphasis, students will learn to apply economic principles to guide the decisions they make in their own lives. MyEconLab is an online homework, tutorial, and assessment product designed to personalize learning and improve results. With a wide range of interactive, engaging, and assignable activities, students are encouraged to actively learn and retain tough course concepts.
650 _2Economics
700 _aLaibson David; List John A
_923712
942 _2ddc
_cBK
999 _c221885
_d221885